00744nam a2200241Ia 4500003000400000005001700004008004100021020002200062040000700084041000800091082001600099100003000115245004200145260002600187300001200213365001300225650002000238650002400258906004500282942001200327999001900339952014400358OSt20230626144611.0210423s9999 xx 000 0 und d a978-93-325-1903-9 cAL aeng a512.02 FRAF aFRALEIGH (John B)9103834 aFirst course in abstract algebra Ed 7 bPearsonaLondonc2014 a456bPB b799cINR aAlgebra9103835 aMathematics9103836 aabstract ; algebra ; course ; Ed ; First 2ddccBK c166105d166105 001040708MATaSACPGbSACPGd2014-11-18ePrajwal book distributorsg799.00l0o512.02 FRAFpPG012604r2022-08-24 00:00:00w2021-04-26yBK